| Tag |
First Indicator |
Second Indicator |
Subfields |
| LEADER |
00000cam a2200000 a 4500 |
| 001 |
in00000024951 |
| 005 |
20151007055651.0 |
| 008 |
880112s1988 nyuk 00110 eng |
| 010 |
|
|
|a 88000024
|
| 020 |
|
|
|a 0442204930 :
|c $35.00
|
| 035 |
|
|
|a (OCoLC)17413058
|
| 035 |
|
|
|9 AAB8925AM
|
| 040 |
|
|
|a DLC
|c DLC
|d UtOrBLW
|
| 043 |
|
|
|a n-us---
|
| 049 |
|
|
|a TXAM
|c [A11687210]
|
| 050 |
0 |
0 |
|a NA1996
|b .H43 1988
|
| 082 |
0 |
|
|a 720/.68
|2 19
|
| 100 |
1 |
|
|a Head, George O.,
|d 1945-
|
| 245 |
1 |
0 |
|a Managing, marketing, and budgeting for the A/E office /
|c George O. Head, Jr., Jan Doster Head.
|
| 264 |
|
1 |
|a New York :
|b Van Nostrand Reinhold,
|c [1988]
|
| 264 |
|
4 |
|c ©1988
|
| 300 |
|
|
|a v, 233 pages :
|b forms ;
|c 24 cm.
|
| 336 |
|
|
|a text
|b txt
|2 rdacontent
|
| 337 |
|
|
|a unmediated
|b n
|2 rdamedia
|
| 338 |
|
|
|a volume
|b nc
|2 rdacarrier
|
| 500 |
|
|
|a Includes index.
|
| 650 |
|
0 |
|a Architectural firms
|z United States
|x Management.
|
| 650 |
|
0 |
|a Architectural services marketing
|z United States.
|
| 650 |
|
0 |
|a Architectural firms
|z United States
|x Finance.
|
| 650 |
|
0 |
|a Engineering firms
|z United States
|x Management.
|
| 650 |
|
0 |
|a Engineering services marketing
|z United States.
|
| 650 |
|
0 |
|a Engineering firms
|z United States
|x Finance.
|
| 700 |
1 |
|
|a Head, Jan Doster.
|
| 999 |
|
|
|a MARS
|
| 999 |
f |
f |
|s 70958222-a21f-3e5c-a22d-9bda30d9fbbc
|i 2f728217-5c9c-3d55-8ade-264c02c1ee6a
|t 0
|
| 952 |
f |
f |
|p ric
|a Texas A&M University
|b Rellis Campus
|c Joint Library Facility
|d Remote Storage
|t 0
|e NA1996 .H43 1988
|h Library of Congress classification
|i unmediated -- volume
|m A14811687210
|
| 998 |
f |
f |
|a NA1996 .H43 1988
|t 0
|l Remote Storage
|